000 00501nam a2200169Ia 4500
008 090711s9999 xx 000 0 und d
082 _b897
100 _aनरवणे सुधा
245 _aलामणदिवा
260 _bचंद्रमौळी प्रकाशन
_c1998
300 _a176
600 _aनरवणे सुधा
630 _aलामणदिवा
700 _aनरवणे सुधा
730 _aलामणदिवा
942 _cBOOK
999 _c333707
_d333707